| 000 | 00469nam a2200145 i 4500 | ||
|---|---|---|---|
| 001 | 186435 | ||
| 003 | ES-MaACL | ||
| 005 | 20230906222653.0 | ||
| 008 | 161114q19101930ne |||| | spa d | ||
| 245 | 0 | 4 |
_aLos Paises Bajos / _c[edición de la Sociedad para la Propaganda Holandesa]. |
| 260 |
_aDordrech : _b[s.n., _c19-?] ( _fImp. Geuze) |
||
| 300 |
_a39 p., [1] h. lám. : _bil. ; _c19 cm. |
||
| 651 | 4 |
_aHolanda- _xDescripción. _9161224 |
|
| 852 |
_aES-MaACL _j1585-F-2 |
||
| 999 |
_c186435 _d186435 |
||